Geomorfología climática
Saved in:
| Hovedforfatter: | |
|---|---|
| Format: | Bog |
| Sprog: | spansk |
| Udgivet: |
Barcelona
Omega
2001
|
| Fag: | |
| Tags: |
Tilføj Tag
Ingen Tags, Vær først til at tagge denne postø!
|
MARC
| LEADER | 00000cam a2200000 a 4500 | ||
|---|---|---|---|
| 001 | UCI7663 | ||
| 003 | CL-VaPUC | ||
| 008 | 080718e20010000SP |||||||||||||||||spa|d | ||
| 020 | |a 8428212090 | ||
| 082 | 0 | 4 | |a 551.41 |b GUT |2 21 |
| 100 | |a Gutiérrez Elorza, Mateo |e author |9 572633 | ||
| 245 | 1 | 0 | |a Geomorfología climática |
| 300 | |a 642 p | ||
| 942 | |c BK | ||
| 945 | |d 20080718 00:00:00 |a rbrito | ||
| 260 | |a Barcelona |b Omega |c 2001 | ||
| 650 | 0 | |a Geomorfología |9 261377 | |
| 650 | 7 | |a GEOMORFOLOGIA CLIMATICA |2 CL-VaPUC |9 530930 | |
| 650 | 7 | |a GLACIARES |2 CL-VaPUC |9 330909 | |
| 650 | 0 | |a Erosión |9 262782 | |
| 650 | 0 | |a Zonas áridas |9 358250 | |
| 650 | 7 | |a DESIERTOS |2 CL-VaPUC |9 357427 | |
| 650 | 0 | |a Energía eólica |9 316611 | |
| 650 | 0 | |a Cambio climático |9 428490 | |
| 583 | |a last modification |c 20130408 11:36:06 |k Rodrigo Vera | ||
| 999 | |c 330856 |d 330854 | ||
| 952 | |0 0 |1 0 |4 0 |6 551_410000000000000_GUT_2001 |7 0 |8 A |9 416752 |a BIBING |b BIBING |d 2019-11-22 |i 4458702 |o 551.41 GUT 2001 |p 4458702 |r 2025-01-20 |w 2019-11-22 |y BK |k GEO | ||
| 952 | |0 0 |1 0 |4 0 |6 551_410000000000000_GUT_2001 |7 0 |8 A |9 416753 |a BIBING |b BIBING |d 2019-11-22 |i 4962435 |o 551.41 GUT 2001 |p 4962435 |r 2025-01-20 |w 2019-11-22 |y BK |k GEO | ||